Geography Quiz

Random Geography or State Quiz

Counties of California Quiz Stats

 Plays Quiz Updated Aug 6, 2019

Score 0/58 Timer 10:00
12 Plays Today
County % Correct
Los Angeles
91.8%
San Diego
86.8%
Orange
85.6%
San Francisco
85%
Sacramento
74%
Santa Barbara
65.1%
Riverside
64.6%
Alameda
64.2%
Fresno
63.7%
San Bernardino
63.3%
Marin
60.6%
Santa Clara
58.2%
Napa
57.8%
Ventura
56.4%
Santa Cruz
53.6%
Contra Costa
53.3%
Sonoma
53.2%
San Luis Obispo
53.2%
Monterey
53.1%
Kern
53%
Humboldt
51.6%
San Mateo
51.4%
Yolo
50.7%
Imperial
50.2%
Kings
47.7%
Shasta
47.4%
Lake
47.2%
Mendocino
47.1%
Nevada
47.1%
County % Correct
Inyo
46.8%
San Joaquin
45.1%
Merced
45.1%
Placer
44.5%
Yuba
44%
Sierra
43.8%
Alpine
43.3%
Lassen
43.3%
Butte
43%
Del Norte
42%
Calaveras
41.3%
Mono
41.2%
Tulare
40.9%
Solano
40.2%
Stanislaus
40.1%
El Dorado
39.5%
Siskiyou
39.5%
Modoc
39.3%
Amador
39.3%
San Benito
38.5%
Mariposa
37.9%
Trinity
37.7%
Madera
36.8%
Tuolumne
36.8%
Sutter
36.5%
Glenn
36.1%
Colusa
35.5%
Plumas
35.4%
Tehama
34.6%

You're not logged in!

Compare scores with friends on all Sporcle quizzes.
OR
Log In

Sporcle TV

Today on Sporcle TV


Watch our educational content, quiz creation guides, and fun videos on Sporcle TV.

Show Comments

Extras

Top Quizzes Today


Score Distribution

Your Account Isn't Verified!

In order to create a playlist on Sporcle, you need to verify the email address you used during registration. Go to your Sporcle Settings to finish the process.

Report this User

Report this user for behavior that violates our Community Guidelines.

Details: